LEADER 01712nam a2200337 i 4500 001 000000212116 003 CaOOAMICUS 005 20120327000000.0 008 120327s2011 it u000 u ita u 013 $a190945 020 $a978-88-308-1136-2 040 $aSeMil$bita 100 1 $aCuruchich Tuyuc, Cruz Oswaldo <1972- >.$0(OLS)http://semarc/name/75708 245 10$aCharles de Foucauld e René Voillaume :$besperienza e teologia del "Mistero di Nazaret" /$cCruz Oswaldo Curuchich Tuyuc ; prefazione di Nicola Ciola ; postfazione di Pierangelo Sequeri. 260 $aAssisi :$bCittadella,$c2011. 300 $a462 p. :$bill. ;$c21 cm. 490 0 $aStudi e ricerche 490 0 $aStudi e ricerche. Sezione teologica 600 14$aFoucauld, Charles : de .$0(OLS)http://semarc/subject/3556 650 4$aVoillaume, René.$0(OLS)http://semarc/subject/39753 650 4$aGesù Cristo - Nazareth.$0(OLS)http://semarc/subject/39754 700 1 $aSequeri, Pierangelo,$d<1944- >.$0(OLS)http://semarc/name/7586 700 1 $aCiola, Nicola,$d<1952- >.$0(OLS)http://semarc/name/89472 830 0$aStudi e ricerche.$0(OLS)http://semarc/title/6597 830 0$aStudi e ricerche. Sezione teologica.$0(OLS)http://semarc/title/34052 850 $aSeMil 852 $aSeMil$W1$xVenegono$y1$m2C IV 534$j162551$B162551$CSeMilBibl$Z2$F175926 $81 961 $aAcquisto: L.S. srl 996 $6020$a978-88-308-1136-2$9(OLS)http://semarc/number/207551 996 $6245$aCharles de Foucauld e René Voillaume :$besperienza e teologia del "Mistero di Nazaret"$9(OLS)http://semarc/title/306286 996 $6260$aAssisi :$bCittadella$9(OLS)http://semarc/publisher/29661 LEADER 00974nam a2200229 i 4500 001 000000107583 003 CaOOAMICUS 005 20160921000000.0 008 160921s1991 it u000 u ita u 013 $a79856 040 $aSeMil$bita 100 1 $aBricchetti, Edo,$d<1946- >.$0(OLS)http://semarc/name/29140 245 13$aLa città nella città :$bla zona 6, Magenta-Fiera-Sempione /$cEdo Bricchetti. 260 $aMilano :$bComune,$cstampa 1991. 300 $a109 p. :$bill. ;$c33 cm. 500 $aIn calce al front. : Consiglio di circoscrizione n. 6. 650 4$aMilano - Municipio 6.$0(OLS)http://semarc/subject/18922 850 $aSeMil 852 $aSeMil$W1$xVenegono$y1$m3O VI 265$j63679$B63679$CSeMilBibl$Z2$F213808 $81 961 $aOmaggio: Citterio Mons. Bernardo <1908-2002> 996 $6245$aLa città nella città :$bla zona 6, Magenta-Fiera-Sempione$9(OLS)http://semarc/title/156223 996 $6260$aMilano :$bComune$9(OLS)http://semarc/publisher/44927